00709nam a22002417a 450000500170000001000150001702000110003203500130004303700130005608200120006910000120008124500960009325000110018926000410020027000530024130000340029449000200032850500670034865000080041565000140042365000170043770000130045420100823105324.0 aENG-101306 c500.00 aEN-84839 bDBAD/PUB a347.052 aManohar aThe AIR manual :bunrepealed central acts (civil and criminal) /cby Manohar [and] Chitaley a6th ed aNagpurbThe All India Reporterc2004 aPost Box No. 209, Congress NagarbNagpure440012 av.12 (xxxii,800p.)c25cm (Hb) aAIR publication aV.12- Constitution of India Article 226 Note 49 to Article 227 aLaw aCivil law aCriminal law aChitaley